Country Flag Mashup - Statistics

General Stats
  • This quiz has been taken 51 times
  • The average score is 26 of 40
Answer Stats
Picture Answer % Correct
France
84%
USA
84%
Germany
80%
Ireland
80%
Canada
75%
Panama
75%
Bhutan
73%
Georgia
73%
Ukraine
73%
Uruguay
73%
Argentina
70%
Brazil
70%
Saudi Arabia
70%
South Korea
70%
Cambodia
68%
Kiribati
68%
Vatican
68%
Croatia
66%
Cyprus
66%
India
64%
Kenya
64%
Malta
64%
Portugal
64%
Spain
64%
Antigua and Barbuda
61%
Barbados
61%
Bosnia & Herzegovina
61%
Eswatini
61%
Nepal
61%
Albania
57%
Mongolia
57%
Sri Lanka
57%
Uganda
57%
Belarus
55%
Egypt
55%
Kazakhstan
55%
Turkmenistan
52%
Zimbabwe
52%
Iraq
50%
Italy
18%
No matching quizzes found
Score Distribution
Percent of People with Each Score
Percentile by Number Answered
Your Score History
You have not taken this quiz